<?xml version="1.0" encoding="UTF-8"?>
<record
    xmlns:xsi="http://www.w3.org/2001/XMLSchema-instance"
    xsi:schemaLocation="http://www.loc.gov/MARC21/slim http://www.loc.gov/standards/marcxml/schema/MARC21slim.xsd"
    xmlns="http://www.loc.gov/MARC21/slim">

  <leader>01542nam0a2200349   4500</leader>
  <controlfield tag="001">RU\NLR\ONL2\22978</controlfield>
  <controlfield tag="005">20260406072812.0</controlfield>
  <datafield tag="010" ind1=" " ind2=" ">
    <subfield code="a">978-5-295-05392-4</subfield>
    <subfield code="9">6150</subfield>
  </datafield>
  <datafield tag="035" ind1=" " ind2=" ">
    <subfield code="a">(NLR Aleph) 010209936</subfield>
  </datafield>
  <datafield tag="090" ind1=" " ind2=" ">
    <subfield code="a">10270208</subfield>
    <subfield code="c">10270208</subfield>
  </datafield>
  <datafield tag="100" ind1=" " ind2=" ">
    <subfield code="a">20031217d2012    |||y0rusy50      ca</subfield>
  </datafield>
  <datafield tag="101" ind1="0" ind2=" ">
    <subfield code="a">bak</subfield>
  </datafield>
  <datafield tag="102" ind1=" " ind2=" ">
    <subfield code="a">RU</subfield>
  </datafield>
  <datafield tag="105" ind1=" " ind2=" ">
    <subfield code="a">c |||||||||</subfield>
  </datafield>
  <datafield tag="200" ind1="9" ind2=" ">
    <subfield code="a">&#x425;&#x44D;&#x437;&#x435;&#x440;&#x433;&#x435; &#x431;&#x430;&#x448;k&#x43E;&#x440;&#x442; &#x44D;&#x437;&#x44D;&#x431;&#x438;&#x44D;&#x442;&#x435;</subfield>
    <subfield code="e">&#x443;&#x440;&#x442;&#x430; &#x43C;&#x44D;&#x43A;&#x442;. 11-&#x441;&#x435; &#x43A;&#x43B;. &#x4E9;&#x441;&#x4E9;&#x43D; &#x434;-&#x43B;&#x435;&#x43A;</subfield>
    <subfield code="f">F&#x430;&#x439;&#x441;&#x430; &#x425;&#x4E9;&#x441;&#x44D;&#x439;&#x435;&#x43D;&#x43E;&#x432;, &#x420;&#x43E;&#x431;&#x435;&#x440;&#x442; &#x411;&#x430;&#x439;&#x44B;&#x43C;&#x43E;&#x432;</subfield>
  </datafield>
  <datafield tag="210" ind1=" " ind2=" ">
    <subfield code="a">&#x4E8;&#x444;&#x4E9;</subfield>
    <subfield code="c">&#x41A;&#x438;&#x442;&#x430;&#x43F;</subfield>
    <subfield code="d">2012</subfield>
  </datafield>
  <datafield tag="215" ind1=" " ind2=" ">
    <subfield code="a">227 &#x431;.</subfield>
    <subfield code="c">&#x43F;&#x43E;&#x440;&#x442;&#x440;.</subfield>
    <subfield code="d">22</subfield>
  </datafield>
  <datafield tag="300" ind1=" " ind2=" ">
    <subfield code="a">&#x41D;&#x430; &#x43E;&#x431;&#x43B;. &#x430;&#x432;&#x442;. &#x43D;&#x435; &#x443;&#x43A;&#x430;&#x437;&#x430;&#x43D;&#x44B;.</subfield>
  </datafield>
  <datafield tag="541" ind1="1" ind2=" ">
    <subfield code="6">z01790</subfield>
    <subfield code="a">&#x421;&#x43E;&#x432;&#x440;&#x435;&#x43C;&#x435;&#x43D;&#x43D;&#x430;&#x44F; &#x431;&#x430;&#x448;&#x43A;&#x438;&#x440;&#x441;&#x43A;&#x430;&#x44F; &#x43B;&#x438;&#x442;&#x435;&#x440;&#x430;&#x442;&#x443;&#x440;&#x430;</subfield>
    <subfield code="e">&#x443;&#x447;&#x435;&#x431;. &#x434;&#x43B;&#x44F; 11 &#x43A;&#x43B;. &#x441;&#x440;&#x435;&#x434;. &#x448;&#x43A;.</subfield>
    <subfield code="z">rus</subfield>
  </datafield>
  <datafield tag="606" ind1="0" ind2=" ">
    <subfield code="a">&#x411;&#x430;&#x448;&#x43A;&#x438;&#x440;&#x441;&#x43A;&#x430;&#x44F; &#x43B;&#x438;&#x442;&#x435;&#x440;&#x430;&#x442;&#x443;&#x440;&#x430;</subfield>
    <subfield code="9">1114058</subfield>
    <subfield code="3">RU\NLR\auth\66120783</subfield>
  </datafield>
  <datafield tag="686" ind1="1" ind2=" ">
    <subfield code="a">&#x428;5(2=&#x411;&#x430;&#x448;)7 &#x44F;72</subfield>
  </datafield>
  <datafield tag="700" ind1=" " ind2="1">
    <subfield code="4">070</subfield>
    <subfield code="8">bak</subfield>
    <subfield code="7">ca</subfield>
    <subfield code="a">&#x425;&#x4E9;&#x441;&#x44D;&#x439;&#x435;&#x43D;&#x43E;&#x432;</subfield>
    <subfield code="b">F.&#x411;.</subfield>
    <subfield code="f">1928-</subfield>
    <subfield code="g">F&#x430;&#x439;&#x441;&#x430; &#x411;&#x430;&#x442;&#x44B;&#x440;&#x433;&#x44D;&#x440;&#x44D;&#x439; &#x443;&#x43B;&#x44B;</subfield>
    <subfield code="3">RU\NLR\auth-onl\77512</subfield>
    <subfield code="9">130568</subfield>
  </datafield>
  <datafield tag="701" ind1=" " ind2="1">
    <subfield code="4">070</subfield>
    <subfield code="8">bak</subfield>
    <subfield code="7">ca</subfield>
    <subfield code="a">&#x411;&#x430;&#x439;&#x44B;&#x43C;&#x43E;&#x432;</subfield>
    <subfield code="b">&#x420;. &#x41D;.</subfield>
    <subfield code="f">1937-2010</subfield>
    <subfield code="g">&#x420;&#x43E;&#x431;&#x435;&#x440;&#x442; &#x41D;&#x443;&#x440;&#x43C;&#x4E9;&#x445;&#x44D;&#x43C;&#x44D;&#x442; &#x443;&#x43B;&#x44B;</subfield>
    <subfield code="3">RU\NLR\auth-onl\77537</subfield>
    <subfield code="9">130593</subfield>
  </datafield>
  <datafield tag="790" ind1=" " ind2="1">
    <subfield code="4">070</subfield>
    <subfield code="8">rus</subfield>
    <subfield code="7">ca</subfield>
    <subfield code="a">&#x425;&#x443;&#x441;&#x430;&#x438;&#x43D;&#x43E;&#x432;</subfield>
    <subfield code="b">&#x413;.&#x411;.</subfield>
    <subfield code="f">1928-</subfield>
    <subfield code="g">&#x413;&#x430;&#x439;&#x441;&#x430; &#x411;&#x430;&#x442;&#x44B;&#x440;&#x433;&#x430;&#x440;&#x435;&#x435;&#x432;&#x438;&#x447;</subfield>
    <subfield code="3">RU\NLR\auth-onl\77373</subfield>
    <subfield code="9">130429</subfield>
  </datafield>
  <datafield tag="801" ind1=" " ind2="0">
    <subfield code="a">RU</subfield>
    <subfield code="b">NLR</subfield>
    <subfield code="c">20120418</subfield>
    <subfield code="g">PSBO</subfield>
  </datafield>
  <datafield tag="852" ind1=" " ind2=" ">
    <subfield code="a">NLR</subfield>
    <subfield code="j">&#x411;&#x430;&#x448;&#x43A;./3-5364</subfield>
    <subfield code="m">15069</subfield>
  </datafield>
  <datafield tag="852" ind1=" " ind2=" ">
    <subfield code="a">NLR</subfield>
    <subfield code="b">&#x41E;&#x41D;&#x41B;</subfield>
  </datafield>
  <datafield tag="942" ind1=" " ind2=" ">
    <subfield code="c">BOOK</subfield>
  </datafield>
  <datafield tag="980" ind1=" " ind2=" ">
    <subfield code="a">NB</subfield>
  </datafield>
  <datafield tag="980" ind1=" " ind2=" ">
    <subfield code="a">ONL_RF</subfield>
  </datafield>
</record>
